| Tag |
First Indicator |
Second Indicator |
Subfields |
| LEADER |
00000cam a22000001i 4500 |
| 001 |
in00003493821 |
| 006 |
m |o d | |
| 007 |
cr |n||||||||| |
| 008 |
150108s2014 enk ob 001 0 eng d |
| 005 |
20250816213901.7 |
| 020 |
|
|
|a 9780203073841 (electronic bk.)
|
| 020 |
|
|
|a 0203073843 (electronic bk.)
|
| 020 |
|
|
|z 9780415660747
|
| 020 |
|
|
|z 0415660742
|
| 035 |
|
|
|a (NhCcYBP)ebl1873760
|
| 040 |
|
|
|a NhCcYBP
|c NhCcYBP
|d UtOrBLW
|
| 050 |
|
4 |
|a JZ6045
|b .S85 2015
|
| 082 |
0 |
4 |
|a 303.6/4
|2 23
|
| 100 |
1 |
|
|a Svensson, Isak.
|
| 245 |
1 |
0 |
|a International mediation bias and peacemaking :
|b taking sides in civil wars /
|c Isak Svensson.
|
| 264 |
|
1 |
|a Milton Park, Abingdon, Oxon ;
|a New York, NY :
|b Routledge,
|c [2015]
|
| 300 |
|
|
|a 1 online resource.
|
| 336 |
|
|
|a text
|b txt
|2 rdacontent
|
| 337 |
|
|
|a computer
|b c
|2 rdamedia
|
| 338 |
|
|
|a online resource
|b cr
|2 rdacarrier
|
| 504 |
|
|
|a Includes bibliographical references and index.
|
| 588 |
|
|
|a Description based on print version record.
|
| 500 |
|
|
|a Electronic resource.
|
| 650 |
|
0 |
|a Mediation, International.
|
| 650 |
|
0 |
|a Reconciliation.
|
| 650 |
|
0 |
|a Peace-building.
|
| 655 |
|
7 |
|a Electronic books.
|2 local
|
| 710 |
2 |
|
|a Ebook Library.
|
| 776 |
1 |
8 |
|c Original
|z 9780415660747
|z 0415660742
|w (DLC) 2014022948
|
| 856 |
4 |
0 |
|u https://ebookcentral.proquest.com/lib/tamucs/detail.action?docID=1873760
|y Connect to the full text of this electronic book
|t 0
|
| 955 |
|
|
|a YBP purchased approval e-records
|
| 980 |
|
|
|b 202.50
|g 1
|
| 999 |
f |
f |
|s 07248c76-48ab-3d92-8206-73a79b11ba9d
|i acb0857e-a7af-399d-b9e4-6f6090bdd44e
|t 0
|
| 999 |
|
|
|a MARS
|
| 952 |
f |
f |
|a Texas A&M University
|b College Station
|c Electronic Resources
|d Available Online
|t 0
|e JZ6045 .S85 2015
|h Library of Congress classification
|
| 998 |
f |
f |
|a JZ6045 .S85 2015
|t 0
|l Available Online
|